Statistics for Video Games by Cosplay

Click here to take the quiz!

General Stats

  • This quiz has been taken 66 times
  • The average score is 11 of 15

Answer Stats

Answer% Correct
Minecraft
100%
Super Mario Bros
100%
Tomb Raider
91%
Halo
89%
God of War
88%
Mortal Kombat
82%
Assassin's Creed
79%
Overwatch
75%
The Last of Us
67%
Metroid
65%
The Witcher
56%
Horizon
54%
Pokémon
47%
Uncharted
47%
Journey
21%

Score Distribution

Percentile by Number Answered

Percent of People with Each Score

Your Score History

You have not taken this quiz